| 000 | 00665nam a2200193 i 4500 | ||
|---|---|---|---|
| 001 | 84999 | ||
| 003 | ES-MaACL | ||
| 005 | 20230906175148.0 | ||
| 007 | t| | ||
| 008 | 041124s1967 sp ||||1| spa d | ||
| 100 | 1 |
_aJevenois, Pedro. _966383 |
|
| 245 | 1 | 0 |
_aAlava en medio / _cPedro Jevenois. |
| 260 |
_a[Vitoria : _bCaja de Ahorros Municipal de Vitoria, _c1967] |
||
| 300 |
_a66 p. ; _c21 cm. |
||
| 490 | 1 | _aPublicaciones de la Obra Cultural de la Caja de Ahorros de la Ciudad de Vitoria | |
| 830 | 0 |
_aPublicaciones de la Obra Cultural de la Caja de Ahorros de la Ciudad de Vitoria _9231688 |
|
| 852 |
_aES-MaACL _jC-33073 _bR.63252 |
||
| 999 |
_c84999 _d84999 |
||